NBA Leading Scorer Every Year by Letter - J - Statistics

General Stats
  • This quiz has been taken 45 times
  • The average score is 61 of 76
Answer Stats
Year PPG Team Player % Correct
2004 20.9 Cleveland Cavaliers LeBron James
100%
2005 27.2 Cleveland Cavaliers LeBron James
100%
2006 31.4 Cleveland Cavaliers LeBron James
100%
2007 27.3 Cleveland Cavaliers LeBron James
100%
2008 30.0 Cleveland Cavaliers LeBron James
100%
2009 28.4 Cleveland Cavaliers LeBron James
100%
2010 29.7 Cleveland Cavaliers LeBron James
100%
2011 26.7 Miami Heat LeBron James
100%
2012 27.1 Miami Heat LeBron James
100%
2013 26.8 Miami Heat LeBron James
100%
2014 27.1 Miami Heat LeBron James
100%
2015 25.3 Cleveland Cavaliers LeBron James
100%
2016 25.3 Cleveland Cavaliers LeBron James
100%
2017 26.4 Cleveland Cavaliers LeBron James
100%
2018 27.5 Cleveland Cavaliers LeBron James
100%
2019 27.4 Los Angeles Lakers LeBron James
100%
2020 25.3 Los Angeles Lakers LeBron James
100%
2022 30.3 Los Angeles Lakers LeBron James
100%
2023 28.9 Los Angeles Lakers LeBron James
100%
1985 28.2 Chicago Bulls Michael Jordan
100%
1987 37.1 Chicago Bulls Michael Jordan
100%
1988 35.0 Chicago Bulls Michael Jordan
100%
1989 32.5 Chicago Bulls Michael Jordan
100%
1990 33.6 Chicago Bulls Michael Jordan
100%
1991 31.5 Chicago Bulls Michael Jordan
100%
1992 30.1 Chicago Bulls Michael Jordan
100%
1993 32.6 Chicago Bulls Michael Jordan
100%
1996 30.4 Chicago Bulls Michael Jordan
100%
1997 29.6 Chicago Bulls Michael Jordan
100%
1998 28.7 Chicago Bulls Michael Jordan
100%
2002 22.9 Washington Wizards Michael Jordan
100%
2021 26.4 Denver Nuggets Nikola Jokic
100%
2024 26.4 Denver Nuggets Nikola Jokic
100%
2025 29.6 Denver Nuggets Nikola Jokic
100%
1952 10.0 Rochester Royals Arnie Johnson
88%
1982 19.5 Phoenix Suns Dennis Johnson
88%
1984 21.9 Kansas City Kings Eddie Johnson
88%
1970 17.3 Baltimore Bullets Gus Johnson
88%
1971 18.2 Baltimore Bullets Gus Johnson
88%
1972 17.0 Cleveland Cavaliers John Johnson
88%
1973 14.4 Cleveland Cavaliers John Johnson
88%
1974 16.4 Portland Trail Blazers John Johnson
88%
1975 16.1 Portland Trail Blazers John Johnson
88%
1994 20.0 Phoenix Suns Kevin Johnson
88%
1978 19.5 Milwaukee Bucks Marques Johnson
88%
1979 25.6 Milwaukee Bucks Marques Johnson
88%
1980 21.7 Milwaukee Bucks Marques Johnson
88%
1981 20.3 Milwaukee Bucks Marques Johnson
88%
1983 21.4 Milwaukee Bucks Marques Johnson
88%
1986 20.3 Los Angeles Clippers Marques Johnson
88%
1976 15.3 Chicago Bulls Mickey Johnson
88%
1977 17.3 Chicago Bulls Mickey Johnson
88%
1999 15.6 Charlotte Hornets Eddie Jones
75%
2000 20.1 Charlotte Hornets Eddie Jones
75%
1961 15.0 Boston Celtics Sam Jones
75%
1962 18.4 Boston Celtics Sam Jones
75%
1963 19.7 Boston Celtics Sam Jones
75%
1964 19.4 Boston Celtics Sam Jones
75%
1965 25.9 Boston Celtics Sam Jones
75%
1966 23.5 Boston Celtics Sam Jones
75%
1967 22.1 Boston Celtics Sam Jones
75%
1968 21.3 Boston Celtics Sam Jones
75%
1969 16.3 Boston Celtics Sam Jones
75%
1995 25.7 Dallas Mavericks Jim Jackson
60%
1953 22.3 Philadelphia Warriors Neil Johnston
35%
1954 24.4 Philadelphia Warriors Neil Johnston
35%
1955 22.7 Philadelphia Warriors Neil Johnston
35%
1956 22.1 Philadelphia Warriors Neil Johnston
35%
1957 22.8 Philadelphia Warriors Neil Johnston
35%
1958 19.5 Philadelphia Warriors Neil Johnston
35%
2001 24.9 Golden State Warriors Antawn Jamison
33%
2003 22.2 Golden State Warriors Antawn Jamison
33%
1950 13.0 Sheboygan Red Skins Noble Jorgenson
0%
1951 10.0 Syracuse Nationals Noble Jorgenson
0%
1959 14.3 Detroit Pistons Phil Jordon
0%
1960 13.4 Cincinnati Royals Phil Jordon
0%
No matching quizzes found
Score Distribution
Percent of People with Each Score
Percentile by Number Answered
Your Score History
You have not taken this quiz